Acuerdos relevantes del Consejo Tčnico del IMSS

Detalles Bibliográficos
Formato: eBook
Lenguaje:español
Publicado: Mx̌ico : Instituto Mexicano de Contadores Pb︢licos, 2011
Materias:
Acceso en línea:http://www.vlex.com/source/7066

MARC

LEADER 00000nam a22000007a 4500
005 20130301114751.0
007 cr|||| ||||
008 130301e2011 mx |||||s|||| 00||0 spa d
020 |a 978-607-762-106-5 
035 |a 7066 
040 |a vLex 
090 |c 3803  |d 3803 
245 0 0 |a Acuerdos relevantes del Consejo Tčnico del IMSS  |h [Recursos electrn̤icos] 
256 |a Servicio en ln̕ea 
260 |a Mx̌ico :  |b Instituto Mexicano de Contadores Pb︢licos,   |c 2011 
300 |a 1 Recurso electrn̤ico 
650 0 4 |a Derecho laboral y Seguridad Social   |z Mx̌ico 
740 |a vLex Libros (Servicio en ln̕ea) 
856 |a Acceso restringido  |u http://www.vlex.com/source/7066 
942 |c BOOK 
999 0 |a Labor law and legislation